| 000 | 00570nam a2200217Ia 4500 | ||
|---|---|---|---|
| 003 | GCL | ||
| 008 | 140319s9999 xx 000 0 eng d | ||
| 040 |
_aGCL / _cGCL |
||
| 082 | 0 | 4 |
_a809 _bE C |
| 100 | 1 | _aENANI, M. M. | |
| 245 | 1 | 0 |
_aTHE COMPARATIVE TONE / _cENANI, M. M. |
| 700 | 1 | _aFARID, M. S. | |
| 260 |
_a[S.N] : _bSTATE PUBLISHING HOUSE (G.E.B.O.) ، _c1995 |
||
| 300 | _a366 P | ||
| 650 | 0 | 4 | _aLITERATURE |
| 650 | 0 | 4 | _aENGLISH LANGUAGE |
| 650 | 0 | 4 | _aARABIC LANGUAGE |
| 650 | 0 | 4 | _aARABIC LITERATURE |
| 650 | 0 | 4 | _aCOMPARATIVE LITERATURE |
| 942 |
_2ddc _cBK |
||
| 999 |
_c21303 _d21303 |
||